10 najlepszych greckich zespołów w tabeli wszechczasów - Statystyki

Ogólne statystyki
  • Ten quiz został rozwiązany 20 razy
  • Średni wynik to 5 z 10
Statystyki odpowiedzi
L.P Klub Punkty % Poprawnych
3. AEK Ateny 4100
89%
2. Panathinaikos 4406
89%
4. PAOK Saloniki 3779
89%
1. Olympiakos Pireus 4664
84%
5. Aris Saloniki 2872
42%
8. OFI Kreta 1980
42%
6. Panionios GSS 2436
21%
7 Iraklis Saloniki 2343
16%
9. Apollon Smyrnis 1552
0%
10. Ethnikos Pireus 1408
0%
Nie znaleziono quizów pasujących do podanych kryteriów
Rozkład punktacji
Procent ludzi z każdym wynikiem
Percentyl według liczby udzielonych odpowiedzi
Twoja historia wyników
Nie rozwiązałeś tego quizu